[Event "BL 8586 Kreuzberg-Solingen"]
[Site "?"]
[Date "1985.??.??"]
[Round "?.3"]
[White "Short, N."]
[Black "Lehmann, K."]
[Result "1-0"]
[WhiteElo "2575"]
[BlackElo "2225"]
[PlyCount "59"]
[EventDate "1985.??.??"]

1. e4 c6 2. c4 d5 3. exd5 cxd5 4. cxd5 Nf6 5. Nc3 Nxd5 6. d4 e6 7. Nf3 Be7 8.
Bd3 Nd7 9. Nxd5 exd5 10. O-O O-O 11. Re1 Re8 12. h3 Nf8 13. Qb3 Qd6 14. Bd2 Ne6
15. Rac1 Rd8 16. Bb1 Bf6 17. Qd3 Nf8 18. Ne5 Be6 19. f4 Bxe5 20. dxe5 Qb6+ 21.
Kh2 d4 22. f5 Bd5 23. b3 Rac8 24. Rxc8 Rxc8 25. Qg3 Rc6 26. Bd3 a6 27. Bg5 Qb4
28. Bf6 g6 29. e6 Bxe6 30. fxe6 1-0

[Event "BL 8586 Kreuzberg-Solingen"]
[Site "?"]
[Date "1985.??.??"]
[Round "?.4"]
[White "Grzesik, F."]
[Black "Kavalek, L."]
[Result "1/2-1/2"]
[WhiteElo "2285"]
[BlackElo "2555"]
[PlyCount "66"]
[EventDate "1985.??.??"]

1. e4 c5 2. c3 d5 3. exd5 Qxd5 4. d4 Nf6 5. Nf3 e6 6. Bd3 cxd4 7. cxd4 Be7 8.
Nc3 Qd6 9. O-O O-O 10. Be3 Nc6 11. Rc1 Nb4 12. Bb1 b6 13. Nb5 Qb8 14. a3 Ba6
15. Nc7 Bxf1 16. Nxa8 Bd3 17. Bxd3 Nxd3 18. Qxd3 Qxa8 19. Qa6 Bd6 20. Ne5 Bxe5
21. dxe5 Nd5 22. Bd2 Qb8 23. Qe2 Rc8 24. Rxc8+ Qxc8 25. Qd3 Qc7 26. Bc3 h6 27.
g3 Qc6 28. h4 h5 29. Kf1 Qa4 30. Bd4 g6 31. Be3 Kf8 32. Bg5 Ke8 33. Kg1 Qc6
1/2-1/2

[Event "BL 8586 Kreuzberg-Solingen"]
[Site "?"]
[Date "1985.??.??"]
[Round "?.6"]
[White "Grzesik, T."]
[Black "Dueball, J."]
[Result "1/2-1/2"]
[WhiteElo "2335"]
[BlackElo "2445"]
[PlyCount "47"]
[EventDate "1985.??.??"]

1. e4 c5 2. Nf3 Nc6 3. Bb5 g6 4. O-O Bg7 5. c3 Nf6 6. Re1 O-O 7. h3 Qb6 8. Ba4
d6 9. d4 cxd4 10. cxd4 Nd7 11. Bxc6 bxc6 12. Nc3 Rb8 13. Rb1 Qc7 14. Bg5 Re8
15. Qd2 Bb7 16. Bh6 Bh8 17. Rbc1 Qb6 18. b3 Qa5 19. Bf4 Rbd8 20. Bg5 Rc8 21.
Qf4 c5 22. Nd5 Bxd5 23. exd5 Nf6 24. Bxf6 1/2-1/2

[Event "BL 8586 Kreuzberg-Solingen"]
[Site "?"]
[Date "1985.??.??"]
[Round "?.7"]
[White "Ostermeyer, P."]
[Black "Dietze, F."]
[Result "1-0"]
[WhiteElo "2485"]
[BlackElo "2270"]
[PlyCount "77"]
[EventDate "1985.??.??"]

1. d4 Nf6 2. c4 g6 3. Nc3 d5 4. Nf3 Bg7 5. Bg5 Ne4 6. cxd5 Nxg5 7. Nxg5 e6 8.
Nf3 exd5 9. e3 O-O 10. Be2 Nc6 11. O-O a5 12. a3 Qd6 13. Rc1 Rd8 14. Qa4 Rb8
15. Ne1 Be6 16. Bb5 Bf5 17. Be2 g5 18. Bd3 Be6 19. Ne2 f5 20. Qc2 Rf8 21. f4
Bh6 22. fxg5 Bxg5 23. Nf4 Rf7 24. g3 Nd8 25. Nf3 Bxf4 26. gxf4 c6 27. Kh1 Qf8
28. Rg1+ Rg7 29. Rxg7+ Kxg7 30. Rg1+ Kf6 31. Ng5 Qe7 32. Qg2 Bd7 33. Qf3 h5 34.
Qxh5 Qxe3 35. Ne4+ dxe4 36. Rg6+ Ke7 37. Qh4+ Ke8 38. Qh8+ Ke7 39. Qf6+ 1-0

[Event "BL 8586 Kreuzberg-Solingen"]
[Site "?"]
[Date "1985.??.??"]
[Round "?.8"]
[White "Bachmann, A."]
[Black "Borngaesser, R."]
[Result "1/2-1/2"]
[WhiteElo "2235"]
[BlackElo "2365"]
[PlyCount "60"]
[EventDate "1985.??.??"]

1. d4 f5 2. Nf3 Nf6 3. g3 g6 4. Bg2 Bg7 5. O-O O-O 6. Nbd2 c5 7. dxc5 Na6 8.
Nb3 Ne4 9. c3 Kh8 10. Bf4 Naxc5 11. Nxc5 Nxc5 12. Be5 d6 13. Bxg7+ Kxg7 14.
Qd4+ Rf6 15. b4 Ne6 16. Qd2 Qc7 17. Rac1 Bd7 18. Nd4 a5 19. a3 Rc8 20. c4 Nxd4
21. Qxd4 e5 22. Qd2 axb4 23. axb4 b6 24. Rc3 f4 25. Rfc1 Rcf8 26. c5 fxg3 27.
fxg3 dxc5 28. bxc5 Bc6 29. cxb6 Qxb6+ 30. Qe3 Qxe3+ 1/2-1/2

[Event "BL 8586 Zehlendorf-Bochum"]
[Site "?"]
[Date "1985.??.??"]
[Round "?.1"]
[White "Heinbuch, D."]
[Black "Pritchett, C."]
[Result "1/2-1/2"]
[WhiteElo "2360"]
[BlackElo "2395"]
[PlyCount "48"]
[EventDate "1985.??.??"]

1. d4 Nf6 2. Nf3 e6 3. c4 Bb4+ 4. Bd2 c5 5. a3 Bxd2+ 6. Qxd2 b6 7. Nc3 cxd4 8.
Nxd4 a6 9. e4 Qc7 10. Bd3 O-O 11. O-O Bb7 12. Qe2 d6 13. Rac1 Nbd7 14. Nc2 Ne5
15. Ne3 Nxd3 16. Qxd3 Rfd8 17. Rfd1 Rac8 18. Rc2 Rd7 19. Rcd2 Rcd8 20. f3 Bc6
21. Qe2 Qb8 22. Nc2 h6 23. Rd4 Qc7 24. Ne3 Qb8 1/2-1/2

[Event "BL 8586 Zehlendorf-Bochum"]
[Site "?"]
[Date "1985.??.??"]
[Round "?.2"]
[White "Davies, N."]
[Black "Sehner, N."]
[Result "1/2-1/2"]
[WhiteElo "2350"]
[BlackElo "2320"]
[PlyCount "56"]
[EventDate "1985.??.??"]

1. g3 d5 2. Bg2 c6 3. c4 dxc4 4. Na3 g6 5. Nxc4 Bg7 6. Nf3 Nf6 7. O-O O-O 8. b3
Be6 9. Bb2 Qc8 10. Ng5 Bd5 11. e4 Bxc4 12. bxc4 h6 13. Nh3 Nxe4 14. Bxg7 Kxg7
15. Re1 Nd6 16. Rxe7 Nf5 17. Re4 Nd7 18. d4 Nd6 19. Re7 Qd8 20. Re1 Nxc4 21. d5
c5 22. d6 Rb8 23. Nf4 Re8 24. Qd5 b5 25. a4 Rxe1+ 26. Rxe1 Ndb6 27. Qxc5 bxa4
28. Re6 Kg8 1/2-1/2

[Event "BL 8586 Zehlendorf-Bochum"]
[Site "?"]
[Date "1985.??.??"]
[Round "?.3"]
[White "Budde, V."]
[Black "Riedel, W."]
[Result "1-0"]
[WhiteElo "2345"]
[BlackElo "2310"]
[PlyCount "125"]
[EventDate "1985.??.??"]

1. d4 Nf6 2. Nf3 g6 3. c4 Bg7 4. g3 O-O 5. Nc3 d6 6. Bg2 Nbd7 7. O-O e5 8. e4
c6 9. Rb1 a5 10. h3 Re8 11. Re1 exd4 12. Nxd4 Nc5 13. Bf4 Ne6 14. Be3 Nxd4 15.
Bxd4 Be6 16. b3 c5 17. Be3 Qd7 18. Na4 Bxh3 19. Nb6 Qc6 20. Nxa8 Bxg2 21. Kxg2
Nxe4 22. Qf3 Rxa8 23. Bf4 f5 24. Rbd1 g5 25. Bxg5 Nxg5 26. Qxc6 bxc6 27. Rxd6
Ne4 28. Rxc6 Rd8 29. Re2 Bd4 30. Ra6 Bc3 31. Ra7 Rd2 32. Rxd2 Nxd2 33. Rb7 a4
34. bxa4 Nxc4 35. Rb5 Bb4 36. a5 Nxa5 37. a3 Bd2 38. Rxc5 f4 39. Rd5 Bc3 40.
Rg5+ Kf7 41. Rf5+ Ke6 42. Rxf4 Bf6 43. Rb4 Bd8 44. Rb5 Kf6 45. a4 Kg6 46. Rd5
Bc7 47. f4 h5 48. Rg5+ Kh6 49. Rc5 Bb6 50. Re5 Bd8 51. Rd5 Bc7 52. Rd7 Bb8 53.
Rd8 Bc7 54. Rc8 Bd6 55. Kf3 Bb4 56. Ke4 Kg6 57. Rg8+ Kh7 58. Rg5 Kh6 59. Rb5
Be1 60. Kd5 Kg7 61. Ke6 Nc6 62. Rxh5 Nd4+ 63. Kd7 1-0

[Event "BL 8586 Zehlendorf-Bochum"]
[Site "?"]
[Date "1985.??.??"]
[Round "?.4"]
[White "Lehmann, H."]
[Black "Beckemeyer, W."]
[Result "1/2-1/2"]
[WhiteElo "2285"]
[BlackElo "2320"]
[PlyCount "112"]
[EventDate "1985.??.??"]

1. Nf3 Nf6 2. d4 g6 3. Bg5 Bg7 4. Nbd2 O-O 5. c3 d6 6. e4 Nc6 7. Be2 h6 8. Bh4
e5 9. dxe5 Nxe5 10. O-O Nxf3+ 11. Bxf3 Bd7 12. Be2 Re8 13. f4 Bc6 14. Bf3 Qd7
15. Re1 Nh7 16. Bf2 Re7 17. Bg4 Qe8 18. Qc2 Nf6 19. Bf3 g5 20. g3 Qd7 21. Re2
Kh8 22. e5 Nh7 23. Be4 Bxe4 24. Nxe4 gxf4 25. exd6 cxd6 26. gxf4 Qg4+ 27. Ng3
Rxe2 28. Qxe2 Qxf4 29. Rf1 Ng5 30. Be3 Qe5 31. Bxg5 Qxg5 32. Rxf7 Rf8 33. Rxf8+
Bxf8 34. Qf3 Qc1+ 35. Nf1 Qg5+ 36. Kh1 Qe7 37. Ne3 Bg7 38. Kg2 Be5 39. Qg4 b5
40. Nf5 Qb7+ 41. Qf3 Qxf3+ 42. Kxf3 Kh7 43. h3 d5 44. Ke3 Kg6 45. Ne7+ Kg5 46.
Nxd5 Kh4 47. Ke4 Bh2 48. b3 Kxh3 49. c4 bxc4 50. bxc4 Bd6 51. Ne3 h5 52. Nf5
Ba3 53. Kf3 h4 54. Kf4 Bc1+ 55. Kf3 Ba3 56. Kf4 Bc1+ 1/2-1/2

[Event "BL 8586 Zehlendorf-Bochum"]
[Site "?"]
[Date "1985.??.??"]
[Round "?.5"]
[White "Fleck, J."]
[Black "Dankert, P."]
[Result "1/2-1/2"]
[WhiteElo "2390"]
[BlackElo "2305"]
[PlyCount "71"]
[EventDate "1985.??.??"]

1. e4 c5 2. Nf3 e6 3. d4 cxd4 4. Nxd4 Nf6 5. Nc3 d6 6. f4 Nc6 7. Be3 Be7 8. Qf3
e5 9. Nxc6 bxc6 10. f5 Qa5 11. O-O-O O-O 12. Bc4 Bb7 13. g4 d5 14. g5 dxc4 15.
gxf6 Bxf6 16. Rd6 Rfd8 17. Rxf6 gxf6 18. Qg3+ Kf8 19. Na4 Ke7 20. Bc5+ Kd7 21.
Qg7 Kc8 22. b3 Ba6 23. Qxf7 Qd2+ 24. Kb2 cxb3 25. axb3 Bd3 26. Qe6+ Kb7 27.
Qe7+ Ka6 28. Bb4 Qxc2+ 29. Ka3 Rab8 30. Qc7 Rxb4 31. Kxb4 Rd4+ 32. Ka3 Rxa4+
33. Kxa4 Bb5+ 34. Ka3 Qc5+ 35. Kb2 Qd4+ 36. Ka3 1/2-1/2

[Event "BL 8586 Zehlendorf-Bochum"]
[Site "?"]
[Date "1985.??.??"]
[Round "?.6"]
[White "Lieb, H."]
[Black "Sonntag, H."]
[Result "0-1"]
[WhiteElo "2275"]
[BlackElo "2305"]
[PlyCount "132"]
[EventDate "1985.??.??"]

1. d4 Nf6 2. Nf3 e6 3. c4 d5 4. Nc3 Be7 5. g3 dxc4 6. Bg2 O-O 7. O-O c5 8. dxc5
Qa5 9. Qd4 Nc6 10. Qxc4 Qxc5 11. Qb3 e5 12. Be3 Qb4 13. Qxb4 Bxb4 14. Bg5 Bxc3
15. bxc3 Ne4 16. Bd2 Rd8 17. Rfd1 Be6 18. Be1 Nc5 19. Nd2 Kf8 20. Rdb1 Bd5 21.
Bxd5 Rxd5 22. Nc4 b6 23. a4 Nb7 24. Rb5 Rad8 25. Kf1 f6 26. Rxd5 Rxd5 27. e4
Rd7 28. f3 Nc5 29. Ke2 Kf7 30. Bf2 Nb7 31. Ne3 Ne7 32. Nc4 Rc7 33. Kd3 Nc6 34.
Ne3 Nc5+ 35. Kc2 Nd4+ 36. cxd4 Nxe4+ 37. Kb3 Nxf2 38. dxe5 fxe5 39. Nc4 Nd3 40.
a5 Nc5+ 41. Kb4 Nd7 42. Nd6+ Ke7 43. Nb5 bxa5+ 44. Rxa5 Rc2 45. h4 Rg2 46. g4
e4 47. fxe4 Rxg4 48. Nc3 Nf6 49. Rxa7+ Kf8 50. Ra8+ Kf7 51. Ra7+ Kg6 52. Re7
Rxh4 53. Kc5 h5 54. e5 Ne4+ 55. Nxe4 Rxe4 56. Kd5 Re1 57. Ke6 h4 58. Ra7 Rf1
59. Ra2 Kh5 60. Kd7 Rd1+ 61. Ke7 Re1 62. e6 h3 63. Kf7 g5 64. e7 g4 65. Kf6
Rxe7 66. Kxe7 g3 0-1

[Event "BL 8586 Heidelberg-HSK"]
[Site "?"]
[Date "1985.??.??"]
[Round "?.2"]
[White "Steinbacher, M."]
[Black "Chandler, M."]
[Result "0-1"]
[WhiteElo "2290"]
[BlackElo "2525"]
[PlyCount "112"]
[EventDate "1985.??.??"]

1. d4 Nf6 2. Nf3 e6 3. g3 b5 4. Bg2 Bb7 5. O-O c5 6. Bg5 Na6 7. Nbd2 Be7 8. c3
O-O 9. Qb1 cxd4 10. cxd4 d5 11. Rc1 Qb6 12. e3 Rfc8 13. Rxc8+ Rxc8 14. Bf1 b4
15. Ne5 Nb8 16. Bd3 h6 17. Bxf6 Bxf6 18. f4 Bxe5 19. fxe5 Ba6 20. Nb3 Nd7 21.
Qf1 Bxd3 22. Qxd3 Rc4 23. Nd2 Rc6 24. Kf2 Qc7 25. Ke2 Rc2 26. Rb1 f6 27. Kd1
Rc6 28. exf6 Nxf6 29. a3 bxa3 30. bxa3 Ng4 31. Qe2 h5 32. h3 Nf6 33. g4 hxg4
34. hxg4 Qg3 35. g5 Qg1+ 36. Qf1 Qxg5 37. Rb8+ Kh7 38. Qh3+ Qh5+ 39. Qxh5+ Nxh5
40. e4 Rc3 41. exd5 exd5 42. Rb5 Rxa3 43. Rxd5 Nf4 44. Rd6 g6 45. Nc4 Ra2 46.
Kc1 Kh6 47. Kb1 Ra4 48. Ne5 Kg5 49. Kb2 Kf5 50. Kb3 Ra1 51. Kb4 g5 52. Rd7 Ke4
53. Rg7 Ne6 54. Rg6 Rg1 55. Kc3 Rc1+ 56. Kd2 Rc8 0-1

[Event "BL 8586 Heidelberg-HSK"]
[Site "?"]
[Date "1985.??.??"]
[Round "?.3"]
[White "Reefschlaeger, H."]
[Black "Mack, P."]
[Result "0-1"]
[WhiteElo "2395"]
[BlackElo "2280"]
[PlyCount "86"]
[EventDate "1985.??.??"]

1. d4 Nf6 2. c4 g6 3. g3 Bg7 4. Bg2 O-O 5. Nf3 c6 6. O-O d5 7. cxd5 cxd5 8. Nc3
Ne4 9. Nxe4 dxe4 10. Ne5 Qd5 11. Be3 f6 12. Nd3 f5 13. Nf4 Qf7 14. f3 exf3 15.
Bxf3 Nc6 16. Bd5 e6 17. Bg2 g5 18. Nh3 h6 19. d5 exd5 20. Bxg5 hxg5 21. Nxg5
Bd4+ 22. Kh1 Qf6 23. Bxd5+ Kg7 24. Qd2 Ne7 25. Bg2 Be5 26. Rac1 Qd6 27. Qe3 Nd5
28. Qb3 Nf6 29. Rxc8 Raxc8 30. Ne6+ Kg6 31. Nxf8+ Rxf8 32. Qxb7 Ng4 33. Qf3 Qd4
34. e4 Ne3 35. exf5+ Rxf5 36. Qc6+ Bf6 37. Qe8+ Kg7 38. Rc1 Rc5 39. Re1 Re5 40.
Qa8 Ng4 41. Qb7+ Kh6 42. Be4 Rxe4 43. Rxe4 Qf2 0-1

[Event "BL 8586 Heidelberg-HSK"]
[Site "?"]
[Date "1985.??.??"]
[Round "?.6"]
[White "Nonnenmacher, E."]
[Black "Behrhorst, F."]
[Result "1/2-1/2"]
[WhiteElo "2305"]
[BlackElo "2320"]
[PlyCount "63"]
[EventDate "1985.??.??"]

1. e4 Nf6 2. e5 Nd5 3. d4 d6 4. Be2 dxe5 5. dxe5 Nc6 6. Nf3 Bg4 7. c3 Qd7 8.
O-O O-O-O 9. Re1 Qf5 10. Nh4 Bxe2 11. Qxe2 Qd7 12. Na3 e6 13. Nc2 h6 14. Nf3
Bc5 15. Bd2 Nb6 16. b4 Be7 17. Nfd4 Nxd4 18. cxd4 Qa4 19. Rec1 Rd7 20. a3 a6
21. Be3 Rhd8 22. Ne1 Qb5 23. Qc2 Na4 24. Nd3 Kb8 25. Rab1 Ka8 26. h3 Rc8 27.
Nb2 Nxb2 28. Rxb2 Qd5 29. Qa4 Qb5 30. Qc2 Qd5 31. Qa4 Qb5 32. Qc2 1/2-1/2

[Event "BL 8586 Koblenz-Lasker"]
[Site "?"]
[Date "1985.??.??"]
[Round "?.1"]
[White "Wockenfuss, K."]
[Black "Gutman, L."]
[Result "1-0"]
[WhiteElo "2370"]
[BlackElo "2485"]
[PlyCount "55"]
[EventDate "1985.??.??"]

1. d4 Nf6 2. Nc3 d5 3. Bg5 Nbd7 4. Nf3 h6 5. Bh4 c6 6. Qd3 b5 7. a3 a5 8. e4
Ba6 9. b4 axb4 10. axb4 e6 11. e5 g5 12. Bg3 Ne4 13. Rb1 Bxb4 14. Rxb4 Qa5 15.
Nxe4 dxe4 16. Qc3 exf3 17. gxf3 c5 18. dxc5 Nxc5 19. Qxc5 Qa1+ 20. Kd2 Rd8+ 21.
Bd3 Qxh1 22. Qc6+ Kf8 23. Qxa6 Kg7 24. Qxb5 Rd5 25. Qc4 Ra5 26. Rb7 Qxf3 27.
Qxe6 Rd5 28. Qg6+ 1-0

[Event "BL 8586 Koblenz-Lasker"]
[Site "?"]
[Date "1985.??.??"]
[Round "?.2"]
[White "Wolf, V."]
[Black "Muse, M."]
[Result "1/2-1/2"]
[WhiteElo "2315"]
[BlackElo "2430"]
[PlyCount "103"]
[EventDate "1985.??.??"]

1. e4 c5 2. Nf3 Nc6 3. Bb5 g6 4. O-O Bg7 5. Re1 e5 6. c3 Nge7 7. d3 O-O 8. a3
a6 9. Bxc6 Nxc6 10. b4 d5 11. bxc5 dxe4 12. dxe4 Qa5 13. Be3 Rd8 14. Qc2 Be6
15. Nbd2 f6 16. a4 Rd7 17. Reb1 Bf8 18. Rb6 Rad8 19. h4 Rd3 20. Rxb7 Rxc3 21.
Qb2 Bxc5 22. Bxc5 Qxc5 23. Rc7 Rb8 24. Qxb8+ Nxb8 25. Rxc5 Rxc5 26. Rb1 Nd7 27.
Ra1 Kf7 28. Kf1 Ke7 29. Ne1 Rc3 30. Ke2 Nc5 31. f3 f5 32. exf5 gxf5 33. g3 Bd7
34. a5 Bb5+ 35. Kf2 e4 36. fxe4 fxe4 37. Ng2 Rc2 38. Rd1 Nb3 39. Ke3 Nxa5 40.
Ne1 Rc3+ 41. Kxe4 Rxg3 42. Ra1 Nb7 43. Kf4 Rg1 44. Ndf3 Rf1 45. Ra3 Nc5 46.
Re3+ Kf6 47. Kg3 Ne6 48. Nc2 Ng7 49. Ncd4 Rd1 50. Rb3 Rd3 51. Rb4 Nh5+ 52. Kg4
1/2-1/2

[Event "BL 8586 Koblenz-Lasker"]
[Site "?"]
[Date "1985.??.??"]
[Round "?.3"]
[White "Schussler, H."]
[Black "Doncevic, D."]
[Result "1-0"]
[WhiteElo "2465"]
[BlackElo "2340"]
[PlyCount "85"]
[EventDate "1985.??.??"]

1. Nf3 c5 2. c4 Nc6 3. Nc3 e5 4. g3 g6 5. Bg2 Bg7 6. O-O Nge7 7. Ne1 d6 8. Nc2
Be6 9. Ne3 Qd7 10. Ned5 O-O 11. Qa4 Rae8 12. d3 Bh3 13. Rb1 Bxg2 14. Kxg2 b6
15. b4 f5 16. Bg5 Nc8 17. Bd2 Qb7 18. e4 f4 19. f3 h5 20. Ne2 fxg3 21. hxg3 Rf7
22. Rf2 Ref8 23. Ng1 Nd4 24. Rbf1 Ne7 25. Nh3 Ne6 26. bxc5 dxc5 27. Qd1 Nc6 28.
a4 Ncd4 29. Be3 Bf6 30. f4 exf4 31. Nhxf4 Nxf4+ 32. Nxf4 Nf5 33. Bc1 Bd4 34.
Rf3 Ne7 35. Ne6 Rxf3 36. Rxf3 Rxf3 37. Qxf3 Qc8 38. Nxd4 cxd4 39. Qf6 Qg4 40.
Kf2 Qd1 41. Bh6 Qc2+ 42. Ke1 Qb1+ 43. Ke2 1-0

[Event "BL 8586 Koblenz-Lasker"]
[Site "?"]
[Date "1985.??.??"]
[Round "?.4"]
[White "Schulz, KJ."]
[Black "Cladouras, P."]
[Result "0-1"]
[WhiteElo "2370"]
[BlackElo "2320"]
[PlyCount "103"]
[EventDate "1985.??.??"]

1. Nf3 Nf6 2. g3 d6 3. Bg2 e5 4. O-O Be7 5. c4 O-O 6. d4 Nbd7 7. Nc3 c6 8. Qc2
Re8 9. Rd1 Qc7 10. b3 Bf8 11. e4 b5 12. Bb2 bxc4 13. bxc4 exd4 14. Nxd4 Ne5 15.
Na4 Ba6 16. Nf5 Nfd7 17. Ne3 Nb6 18. Nxb6 axb6 19. f4 Nd7 20. Nf5 f6 21. Rd2
Nc5 22. Rad1 Rad8 23. Nd4 Bb7 24. Nb3 Nxb3 25. axb3 c5 26. Qd3 Bc6 27. g4 Qb7
28. Re2 b5 29. Rde1 Rb8 30. Bc3 bxc4 31. bxc4 Qc8 32. Qg3 Qe6 33. g5 fxg5 34.
Qxg5 Qxc4 35. Re3 Rb3 36. Qg3 Qf7 37. Bf3 Qg6 38. Kf2 Qxg3+ 39. hxg3 Ra8 40. g4
Ra2+ 41. Kg3 Raa3 42. Rc1 g6 43. e5 Bxf3 44. Kxf3 d5 45. Bd2 Rxe3+ 46. Bxe3 d4
47. Ke4 Rxe3+ 48. Kd5 d3 49. Rd1 Kf7 50. f5 Rg3 51. e6+ Kf6 52. Rf1 0-1

[Event "BL 8586 Koblenz-Lasker"]
[Site "?"]
[Date "1985.??.??"]
[Round "?.5"]
[White "Brunner, L."]
[Black "Andruet, G."]
[Result "0-1"]
[WhiteElo "2290"]
[BlackElo "2395"]
[PlyCount "114"]
[EventDate "1985.??.??"]

1. Nf3 Nf6 2. c4 b6 3. g3 Bb7 4. Bg2 e6 5. O-O Be7 6. d4 O-O 7. Nc3 Ne4 8. Qc2
Nxc3 9. Qxc3 d6 10. Qc2 f5 11. Ne1 Bxg2 12. Nxg2 Qd7 13. Bd2 Nc6 14. Bc3 Bf6
15. Rad1 Rae8 16. e4 fxe4 17. Qxe4 d5 18. Qe2 Re7 19. Rfe1 dxc4 20. Qxc4 Qd5
21. Qxd5 exd5 22. Rxe7 Nxe7 23. Bb4 Rd8 24. Bxe7 Bxe7 25. Ne3 Kf7 26. Kf1 Bf6
27. Ke2 Ke6 28. Ng4 Be7 29. Kd3 c5 30. Re1+ Kd6 31. dxc5+ bxc5 32. b3 a5 33.
Ne3 Bf6 34. Rd1 a4 35. Kc2 axb3+ 36. axb3 Kc6 37. Rd2 Ra8 38. Kd1 Ra1+ 39. Ke2
Bd4 40. Nc2 Rb1 41. Nxd4+ cxd4 42. Rd3 Rb2+ 43. Kf1 Kc5 44. g4 g5 45. Ke1 Kd6
46. Rh3 Ke5 47. Rxh7 Ke4 48. h4 Kd3 49. f3 gxh4 50. g5 Ke3 51. Kd1 d3 52. Re7+
Kf4 53. g6 h3 54. g7 Rg2 55. Re1 Rxg7 56. Rh1 Ke3 57. f4 h2 0-1

[Event "BL 8586 Koblenz-Lasker"]
[Site "?"]
[Date "1985.??.??"]
[Round "?.6"]
[White "Brueckner, T."]
[Black "Paulsen, D."]
[Result "1-0"]
[WhiteElo "2265"]
[BlackElo "2345"]
[PlyCount "49"]
[EventDate "1985.??.??"]

1. Nf3 Nf6 2. c4 e6 3. g3 c5 4. Nc3 d5 5. cxd5 exd5 6. d4 Nc6 7. Bg2 Be7 8. O-O
O-O 9. Bg5 Be6 10. dxc5 Bxc5 11. Rc1 Be7 12. Nd4 h6 13. Bf4 Qd7 14. Nxe6 fxe6
15. e4 d4 16. e5 dxc3 17. exf6 Qxd1 18. Rfxd1 Bxf6 19. bxc3 Rad8 20. Be3 Rxd1+
21. Rxd1 Rd8 22. Rxd8+ Nxd8 23. Bxa7 Bxc3 24. Bb6 Bf6 25. a4 1-0

[Event "BL 8586 Koblenz-Lasker"]
[Site "?"]
[Date "1985.??.??"]
[Round "?.7"]
[White "Jacoby, G."]
[Black "Weidemann, J."]
[Result "1/2-1/2"]
[WhiteElo "2305"]
[BlackElo "2265"]
[PlyCount "51"]
[EventDate "1985.??.??"]

1. e4 e6 2. d4 d5 3. Nd2 c5 4. exd5 Qxd5 5. Ngf3 cxd4 6. Bc4 Qd6 7. O-O Nf6 8.
Nb3 Nc6 9. Nbxd4 Nxd4 10. Qxd4 Bd7 11. Bf4 Qxd4 12. Nxd4 Rc8 13. Be2 Nd5 14.
Bg3 g5 15. c3 Nf4 16. Rad1 Nxe2+ 17. Nxe2 f6 18. f4 Bc5+ 19. Bf2 gxf4 20. Nxf4
Rf8 21. Bxc5 Rxc5 22. Rd6 Ke7 23. Rfd1 Bc8 24. R6d2 Rg8 25. Re1 Rf5 26. Re4
1/2-1/2

[Event "BL 8586 HSK-Koblenz"]
[Site "?"]
[Date "1985.??.??"]
[Round "?.2"]
[White "Chandler, M."]
[Black "Wolf, V."]
[Result "1-0"]
[WhiteElo "2525"]
[BlackElo "2315"]
[PlyCount "101"]
[EventDate "1985.??.??"]

1. e4 e5 2. Nf3 Nc6 3. Bb5 Nd4 4. Nxd4 exd4 5. O-O Bc5 6. d3 c6 7. Bc4 d5 8.
exd5 cxd5 9. Bb5+ Bd7 10. Bxd7+ Qxd7 11. Nd2 Ne7 12. Nb3 Bb6 13. Bg5 O-O 14.
Bxe7 Qxe7 15. Re1 Qf6 16. Qh5 Rac8 17. Re2 Rfd8 18. Rae1 h6 19. g3 Rc6 20. a4
a5 21. Re8+ Rxe8 22. Rxe8+ Kh7 23. Re2 Re6 24. Kf1 Rxe2 25. Kxe2 Qe6+ 26. Kd1
Qd7 27. Qf3 Kg8 28. Qf4 h5 29. Kc1 g6 30. Qb8+ Kg7 31. Qe5+ Kg8 32. Kb1 Qxa4
33. Qb8+ Kg7 34. Qxb7 Qb4 35. Nc1 Qd6 36. Ne2 g5 37. f4 Qe6 38. fxg5 Qxe2 39.
Qxb6 Qd1+ 40. Ka2 Qxc2 41. Qxd4+ Kg8 42. h4 Qc6 43. g4 hxg4 44. Qxg4 Qb5 45.
Qd4 a4 46. Qc3 Kh7 47. h5 d4 48. Qc4 Qd7 49. Ka3 Qe7+ 50. Kxa4 Qa7+ 51. Kb4 1-0

[Event "BL 8586 HSK-Koblenz"]
[Site "?"]
[Date "1985.??.??"]
[Round "?.4"]
[White "Wahls, M."]
[Black "Andruet, G."]
[Result "1/2-1/2"]
[WhiteElo "2285"]
[BlackElo "2395"]
[PlyCount "113"]
[EventDate "1985.??.??"]

1. e4 c5 2. Nf3 e6 3. d4 cxd4 4. Nxd4 Nf6 5. Nc3 d6 6. g4 h6 7. h4 Nc6 8. Rg1
h5 9. gxh5 Nxh5 10. Bg5 Qb6 11. Be3 Qc7 12. Qd2 a6 13. O-O-O b5 14. Nxc6 Qxc6
15. f4 Bb7 16. a3 Be7 17. f5 Bxh4 18. fxe6 fxe6 19. Bh3 Kf7 20. Qg2 Bf6 21.
Qg6+ Ke7 22. Bg4 Qe8 23. Bxh5 Rxh5 24. Qg3 Qc6 25. Bd4 Rf8 26. Qe3 Rf7 27. Rdf1
Rh8 28. Rxg7 Bxg7 29. Qg5+ Ke8 30. Qg6 Bh6+ 31. Kb1 Rhf8 32. Qxe6+ Re7 33. Qg6+
Kd7 34. Qg4+ Ke8 35. Qh5+ Kd7 36. Qg4+ Ke8 37. Qh5+ Kd8 38. Bf6 Rxf6 39. Rxf6
Bg7 40. Rf3 Bxc3 41. Rxc3 Qxe4 42. Qh8+ Re8 43. Qf6+ Qe7 44. Qd4 Qe1+ 45. Ka2
Qe6+ 46. b3 Qe5 47. Qb6+ Ke7 48. Re3 Be4 49. Qxa6 d5 50. Qxb5 Qd4 51. Qb7+ Kd6
52. Rh3 Qc5 53. Rh6+ Re6 54. Qb8+ Kd7 55. Qb7+ Kd6 56. Qb8+ Kd7 57. Qb7+
1/2-1/2

[Event "BL 8586 HSK-Koblenz"]
[Site "?"]
[Date "1985.??.??"]
[Round "?.5"]
[White "Brueckner, T."]
[Black "Gruenberg, Ra"]
[Result "1/2-1/2"]
[WhiteElo "2265"]
[BlackElo "2270"]
[PlyCount "62"]
[EventDate "1985.??.??"]

1. Nf3 c5 2. c4 Nf6 3. Nc3 d5 4. cxd5 Nxd5 5. g3 Nc6 6. Bg2 Nc7 7. a3 g6 8. h4
h6 9. d3 Bg7 10. Bd2 Be6 11. b3 Qd7 12. Rb1 Nd4 13. b4 cxb4 14. axb4 Nxf3+ 15.
Bxf3 Nb5 16. Nxb5 Qxb5 17. Rc1 Qb6 18. Qa4+ Bd7 19. Qa5 Qxa5 20. bxa5 Rb8 21.
Bf4 e5 22. Be3 b6 23. Rb1 O-O 24. axb6 axb6 25. Rxb6 Rxb6 26. Bxb6 Rb8 27. Be3
Rb1+ 28. Kd2 Rb2+ 29. Ke1 Rb1+ 30. Kd2 Rb2+ 31. Ke1 Rb1+ 1/2-1/2

[Event "BL 8586 HSK-Koblenz"]
[Site "?"]
[Date "1985.??.??"]
[Round "?.6"]
[White "Behrhorst, F."]
[Black "Weidemann, J."]
[Result "0-1"]
[WhiteElo "2320"]
[BlackElo "2265"]
[PlyCount "84"]
[EventDate "1985.??.??"]

1. d4 d6 2. c4 e5 3. Nf3 Nd7 4. Nc3 c6 5. g3 Ngf6 6. Bg2 Be7 7. O-O O-O 8. Qc2
Re8 9. Rd1 Qc7 10. b3 Nf8 11. Bb2 Ng6 12. Rd2 h5 13. dxe5 dxe5 14. Ne4 h4 15.
Neg5 Bb4 16. Rdd1 hxg3 17. hxg3 e4 18. Nd4 Qe7 19. a3 Ba5 20. b4 Bc7 21. e3 Bg4
22. Rd2 Rac8 23. Nb3 Be5 24. Nc5 Bxb2 25. Qxb2 Ne5 26. Rd4 b6 27. Ncxe4 c5 28.
Rd2 Nxe4 29. Nxe4 Nxc4 30. Qc3 Nxd2 31. Qxd2 Qe5 32. Rc1 Red8 33. Qc3 Qxc3 34.
Rxc3 cxb4 35. axb4 Rd1+ 36. Kh2 Rxc3 37. Nxc3 Rd2 38. Kg1 Rb2 39. Nd5 Rb1+ 40.
Kh2 Kf8 41. Be4 Rb2 42. Kg1 Be6 0-1

[Event "BL 8586 HSK-Koblenz"]
[Site "?"]
[Date "1985.??.??"]
[Round "?.7"]
[White "Bayer, E."]
[Black "Wegner, H."]
[Result "1/2-1/2"]
[WhiteElo "2285"]
[BlackElo "2210"]
[PlyCount "110"]
[EventDate "1985.??.??"]

1. d4 Nf6 2. c4 e6 3. Nf3 b6 4. g3 Ba6 5. Qa4 c5 6. Bg2 Bb7 7. dxc5 Bxc5 8. Nc3
O-O 9. O-O a6 10. Bg5 Be7 11. Qc2 Qc7 12. Qd3 Rc8 13. Rac1 d6 14. b3 Nbd7 15.
Rfd1 Rd8 16. h3 Rac8 17. Qe3 h6 18. Bxf6 Bxf6 19. Ne4 Be7 20. Nd4 Nc5 21. Nxc5
bxc5 22. Bxb7 Qxb7 23. Nf3 Rc6 24. Rc3 a5 25. Rcd3 a4 26. Nd2 axb3 27. axb3 Ra8
28. Ne4 Rb6 29. Qf3 Raa6 30. Qe3 Qb8 31. g4 Ra3 32. Nd2 Bf6 33. Qf3 Be5 34. Qe4
Ra2 35. Nf3 Bf6 36. Nd2 Rb2 37. Qf3 Be5 38. Qe4 Ra6 39. Nf3 Bf6 40. R1d2 Rb1+
41. Kg2 Rc1 42. Qe3 Rca1 43. Rd1 R1a3 44. Nd2 Bd4 45. Qf3 Ra2 46. Ne4 d5 47.
Ng3 Rb2 48. cxd5 exd5 49. Qxd5 Rf6 50. Nf5 Rxe2 51. Rf3 Re5 52. Qd7 Qa8 53. Kg3
Re4 54. Rdd3 Qa1 55. Nxd4 Rxd4 1/2-1/2

[Event "BL 8586 HSK-Koblenz"]
[Site "?"]
[Date "1985.??.??"]
[Round "?.8"]
[White "Cordes, H."]
[Black "Seul, G."]
[Result "0-1"]
[WhiteElo "2310"]
[BlackElo "2445"]
[PlyCount "72"]
[EventDate "1985.??.??"]

1. d4 Nf6 2. c4 e6 3. Nc3 d5 4. Nf3 Be7 5. Bg5 O-O 6. e3 Nbd7 7. Qc2 c5 8. dxc5
Qa5 9. cxd5 Nxd5 10. Bxe7 Nxe7 11. Bd3 h6 12. Qa4 Qxc5 13. O-O Qb6 14. b4 Nf6
15. Qb3 Bd7 16. Ne5 Rfd8 17. Nxd7 Rxd7 18. Na4 Qd6 19. Rfd1 Qe5 20. Be2 Rad8
21. Nc5 Rxd1+ 22. Rxd1 Rxd1+ 23. Qxd1 Ned5 24. Nxb7 Qb2 25. Nc5 Qxb4 26. Qc2
Nc3 27. Nb3 a5 28. Bd3 a4 29. Nd2 Nfd5 30. g3 Qa3 31. Ne4 Qxa2 32. Qc1 Qb3 33.
Nd6 a3 34. Nc4 Nb4 35. Bf1 a2 36. Nd2 Qa4 0-1